Hoofdsteden van niet-landen - Statistieken

Algemene statistieken
  • Deze quiz is 42 keer genomen
    33 sinds de laatste reset
  • De gemiddelde score is 14 van 40
Antwoordstatistieken
Gebied Antwoord % Correct
Europa Brussel
91%
Engeland Londen
91%
Schotland Edinburgh
74%
Gibraltar Gibraltar
74%
Noord-Ierland Belfast
70%
Hawaii Honolulu
65%
Java Jakarta
65%
Curacao Willemstad
61%
Wales Cardiff
57%
Palestina Jeruzalem
57%
Sicilië Palermo
57%
Groenland Nuuk
48%
Aruba Oranjestad
48%
Sint Eustasius Oranjestad
48%
Mallorca Palma de Mallorca
48%
Kreta Heraklion
39%
Sardinië Cagliari
35%
Kaliningrad Kaliningrad
35%
Frans-Guyana Cayenne
30%
Siberië Irkoetsk
30%
Fins Lapland Rovaniemi
30%
Bali Denpasar
26%
Amazone Manaus
22%
Nieuw-Caledonië Nouméa
22%
Frans-Polynesië Papeete
22%
Puerto Rico San Juan
17%
De Krim Simferopol
17%
Afrika Addis Abeba
13%
Guadeloupe Basse-Terre
13%
Bonaire Kralendijk
13%
Spitsbergen Longyearbyen
13%
Sint Maarten Philipsburg
13%
Falklandeilanden Stanley
13%
Gaza Strip Oost-Jeruzalem
9%
Saba The Bottom
9%
Sumatra Medan
4%
Westelijke Sahara Al-Ajoen
0%
Kalahari Ghanza
0%
Nagorno-Karabach Stepanakert
0%
Hongkong Victoria City
0%
Geen overeenkomende quizzen gevonden
Scoreverdeling
Procent van Mensen met Elke Score
Percentiel versus Aantal Correcte Antwoorden
Uw Scoregeschiedenis
U heeft deze quiz nog niet genomen sinds de laatste reset